000 01557nam a2200373Ia 4500
001 ebr10354016
003 CaPaEBR
006 m u
007 cr cn|||||||||
008 090210s2009 riu sb 001 0 eng d
010 _z 2009005935
020 _z9781930675612 (cloth : alk. paper)
040 _aCaPaEBR
_cCaPaEBR
035 _a(OCoLC)587391874
050 1 4 _aDS135.F83
_bK3745 2009eb
100 1 _aKaplan, Zvi Jonathan.
245 1 0 _aBetween the devil and the deep blue sea?
_h[electronic resource] :
_bFrench Jewry and the problem of church and state /
_cby Zvi Jonathan Kaplan.
260 _aProvidence, RI :
_bBrown Judaic Studies,
_cc2009.
300 _aviii, 140 p.
490 1 _aBrown Judaic studies ;
_vno. 352
504 _aIncludes bibliographical references and indexes.
533 _aElectronic reproduction.
_bPalo Alto, Calif. :
_cebrary,
_d2011.
_nAvailable via World Wide Web.
_nAccess may be limited to ebrary affiliated libraries.
650 0 _aJews
_zFrance
_xHistory
_y19th century.
650 0 _aJews
_zFrance
_xHistory.
650 0 _aSecularism
_zFrance
_xHistory.
650 0 _aReligion and state
_zFrance.
650 0 _aChurch and state
_zFrance
_xHistory.
651 0 _aFrance
_xPolitics and government
_y19th century.
651 0 _aFrance
_xEthnic relations.
655 7 _aElectronic books.
_2local
710 2 _aebrary, Inc.
830 0 _aBrown Judaic studies ;
_vno. 352.
856 4 0 _uhttp://site.ebrary.com/lib/rucke/Doc?id=10354016
_zAn electronic book accessible through the World Wide Web; click to view
999 _c33879
_d33879